Datum a čas kvízu
19
Celkem bodů
Celkový počet nahraných bodů na tomto kvízu bez doplňovacích otázek.
6.
Pořadí na kvízu
Konečné umístění týmu na tomto kvízu.
Zaznamenané odpovědi
| # | Otázka | Odpověď | Body | Výsledky |
|---|---|---|---|---|
| 1. | Minulý týden jsme s napětím sl... | Pákistán | 0 | |
| 2. | Více než 1 400 delfínů padlo v... | Na Faerských ostrovech. | 0 | |
| 3. | Známý podnikatel, matematik a... | Karel Janeček | 0 | |
| 4. | Minulý týden byl oznámen defin... | Orlen | 1 | |
| 5. | Jak se jmenuje sportovec, kter... | Tomáš Satoranský | 1 | |
| 6. | Před několika týdny jsme si bl... | Valencie | 0 | |
| 7. | V Madridu, ale i ve zbytku Špa... | patatas bravas/papas bravas | 0 | |
| 8. | Název jistého španělského alko... | sangria | 0 | |
| 9. | Název tradiční španělské sušen... | jamón | 0 | |
| 10. | Jak se nazývá tato oblíbená šp... | churros | 0 |